000 00287nam a22001337a 4500
008 170609b xxu||||| |||| 00| 0 eng d
020 _a04959062247
041 _aeng
080 _a32
100 _a19
101 _aSHP
245 _aGATEWAYS TO DEMOCRACY
_cGEER, J.G
942 _2udc
_cBK
999 _c16717
_d16717